Sinh học và sinh thái học

Kaydedildi:
Detaylı Bibliyografya
Yazar: Vũ, Trung Tạng
Materyal Türü: Kitap
Dil:Undetermined
Baskı/Yayın Bilgisi: Hà Nội Đại học Quốc gia 2004
Konular:
Etiketler: Etiketle
Etiket eklenmemiş, İlk siz ekleyin!
Thư viện lưu trữ: Trung tâm Học liệu Trường Đại học Cần Thơ
LEADER 00529nam a2200193Ia 4500
001 CTU_91744
008 210402s9999 xx 000 0 und d
020 |c 40800 
082 |a 577.7 
082 |b T106 
100 |a Vũ, Trung Tạng 
245 0 |a Sinh học và sinh thái học 
245 0 |c Vũ Trung Tạng 
260 |a Hà Nội 
260 |b Đại học Quốc gia 
260 |c 2004 
650 |a Ecology,Environmental sciences 
904 |i Năm 
980 |a Trung tâm Học liệu Trường Đại học Cần Thơ